| 000 | 00623nam a2200229Ia 4500 | ||
|---|---|---|---|
| 003 | OSt | ||
| 005 | 20221007071806.0 | ||
| 006 | a|||||r|||| 00| 0 | ||
| 007 | ta | ||
| 008 | 221006b |||||||| |||| 00| 0 eng d | ||
| 024 | _a16,570 | ||
| 037 | _cTextual | ||
| 040 |
_aFLL _cFLL _beng |
||
| 041 |
_2eng _aeng |
||
| 082 | _aX8(A).3.N7, K6 | ||
| 100 |
_aStacey Nicholas A.H. _9345623 |
||
| 245 | 0 | _aMergers in modern business | |
| 260 |
_aLondon _bHutchinson of London England _c1966 |
||
| 300 |
_a170p _ccm. |
||
| 942 |
_hX8(A).3.N7, K6 _cTEXL _2CC |
||
| 999 |
_c1144329 _d1144329 |
||